000 00347nam a22001217a 4500
020 _a0-13-159583-0
082 _a620.0042 OLF'C
245 _aCOMPUTER GRAPHICS FOR DESIGN , FROM ALGORITHMS TO AUTOCAD
260 _aNEWJERSCY
_bPRENTICE HALL
_c1995
300 _aXIV, 544P
650 _aCOMPUTER AIDED DESIGN COMPUTER GRAPHICS
_967691
942 _cBK
999 _c575409
_d575409